Návrh a realizácia hardvérových komponentov inteligentnej učebne

Saved in:
Bibliographic Details
Main Author: Kasala, Štefan (Author)
Other Authors: Bartalský, Lukáš (Thesis advisor)
Format: Manuscript Book
Language:Slovak
Published: 2023
Subjects:
Online Access:http://is.stuba.sk/zp/portal_zp.pl?podrobnosti=171856
Tags: Add Tag
No Tags, Be the first to tag this record!

MARC

LEADER 00000ntm a22000003a 4500
001 stuzp94193
003 SK-STU
005 20231218125522.2
007 ta
008 150427s2015----xo-----f-mn---000-0-slo-d
040 |a STU  |b slo 
041 0 |a slo 
100 1 |a Kasala, Štefan  |u 020020  |4 aut  |U SjF Strojnícka fakulta  |T SjF Ústav automatizácie, merania a aplikovanej informatiky  |X 98574  |U J0020  |Y 802  |7 98574 
242 0 1 |a Design and implementation of smart classroom hardware components  |y eng 
245 1 0 |a Návrh a realizácia hardvérových komponentov inteligentnej učebne 
260 |c 2023 
650 4 |a projektová dokumentácia  |2 slo 
650 4 |a automatizácia domov  |2 slo 
650 4 |a protokol KNX  |2 slo 
650 4 |a inteligentná domácnosť  |2 slo 
650 4 |a KNX protocol  |2 eng 
650 4 |a home automation  |2 eng 
650 4 |a smarthome  |2 eng 
650 4 |a project documentation  |2 eng 
700 1 |a Bartalský, Lukáš  |u 020020  |k Z1  |4 ths  |U SjF Strojnícka fakulta  |T SjF Ústav automatizácie, merania a aplikovanej informatiky  |X 57845  |U J0020  |Y 802  |7 A000057845 
856 4 |u http://is.stuba.sk/zp/portal_zp.pl?podrobnosti=171856 
996 |b 284J047339  |c J* 3559/DBP  |l JJSK  |s A  |a 24  |w stuzp94193_0001